La pierre de Rosette /

محفوظ في:

المؤلف الرئيسي: Solé, Robert (مؤلف)

مؤلفون آخرون: Valbelle, Dominique.

التنسيق: كتاب

اللغة: French

منشور في: Paris : Seuil, c1999.

الموضوعات:

الوسوم: إضافة وسم

لا توجد وسوم, كن أول من يضع وسما على هذه التسجيلة!

رقم الطلب: PJ1531 .R5 S65

LEADER 00792nam a22002537a 4500
003 OSt
005 20251020112055.0
008 251020t1999 fr af b 001 0 fre d
010 |a 99509272 
020 |a 2020371308 
040 |c ARCE Library 
050 1 4 |a PJ1531 .R5  |b S65 
100 1 |a Solé, Robert,  |e author 
245 1 3 |a La pierre de Rosette /  |c Robert Solé, Dominique Valbelle. 
264 1 |a Paris :   |b Seuil,   |c c1999. 
300 |a 229 pages, [16] p. of plates :   |b illustrations ;   |c 22 cm. 
504 |a Includes bibliographical references and index. 
630 2 0 |a Rosetta stone. 
650 0 |a Egyptian language  |x Writing, Hieroglyphic. 
653 |a Egyptology XIXth Century   |a First Empire. 
700 1 |a Valbelle, Dominique. 
901 |a reviewed 
942 |c BK  |2 lcc 
999 |c 21089  |d 21089